000 00448cam a22001457a 4500
008 180718b1974 xxu||||| |||| 00| 0 eng d
082 _aB264 D231
100 _aDanmole, B.O. Mashood
245 _aHeritage of imperialism: a study in historical and economic analysis
_cby B.O. Mashood Danmole
260 _aBombay
_bAsia
_c1974
300 _a550p.
650 _aImperialism --History
650 _aCapitalism --History
650 _aEconomic history
999 _c343384
_d343384